00801nam a2200217 i 4500001000300000100001900003245009800022260004800120300007700168490002700245504003200272651003500304700002200339830002700361020001500388040000800403041000700411080002600418008004100444856009800485bg1 aKUROŃ, Jacek15aPRL [Polska Rzeczpospolita Ludowa] dla początkujących /cJacek Kuroń, Jacek Żakowski. aWrocław :bWydaw. Dolnośląskie,c1997. a348, [2] s. :bil. (w tym kolor.), faks., fot., 2 mapy, portr. ;c20 cm.1 aA to Polska Właśnie aBibliogr. s. 326. - Indeks. 9aPolskaxhistoriay1944-1989 r.1 aŻAKOWSKI, Jacek aA to Polska Właśnie a8370234615 cBPK0 apl a94(438).083(02.025.2) s pl f |000 0 pol  uhttp://koha.tu.koszalin.pl/cgi-bin/koha/opac-detail.pl?biblionumber=36389yKatalog online BPK